| 000 | 01074nam a22003857a 4500 | ||
|---|---|---|---|
| 005 | 20260211165754.0 | ||
| 008 | 210817b2017 xxu||||| |||| 00| 0 spa d | ||
| 020 | _a9789587626926 | ||
| 041 | _aESP | ||
| 082 | _a658.8 C957p | ||
| 100 |
_aCruz Herradón, Ana _953037 |
||
| 245 | _aPolíticas de marketing | ||
| 260 | _aColombia | ||
| 260 | _bEdiciones de la U | ||
| 260 | _c2017 | ||
| 300 | _a212 páginas | ||
| 490 | _aDirección y Administración de Empresas | ||
| 650 | _aGERENCIA DE MERCADEO | ||
| 650 | _aPLANIFICACIÓN DE MARKETING | ||
| 650 | _aMARKETING EMPRESARIAL | ||
| 650 | _aMARKETING ESTRATÉGICO | ||
| 650 | _aPOLÍTICA DE PRODUCTO | ||
| 650 | _aTIPOS DE MARKETING | ||
| 650 | _aMARKETING MIX | ||
| 650 | _aANÁLISIS DAFO | ||
| 650 | _aCASOS PRÁCTICO | ||
| 650 | _aPLAN DE MERCADEO | ||
| 650 | _aPOLÍTICA DE PRODUCTO | ||
| 650 | _aPOLÍTICA DE PRECIOS | ||
| 650 | _aPOLÍTICA DE DISTRIBUCIÓN | ||
| 650 | _aSEGUMIENTO Y CONTROL | ||
| 650 | _aPOLÍTICA DE COMUNICACIÓN | ||
| 650 | _aPOLÍTICAS | ||
| 942 |
_cBK _2ddc |
||
| 999 |
_c13132 _d13132 |
||